| 000 | 00969cam a22003137a 4500 | ||
|---|---|---|---|
| 003 | CHAP | ||
| 005 | 20220329140107.0 | ||
| 008 | 971013s r 00010 d | ||
| 010 | _a46876 | ||
| 011 | _a47848 | ||
| 035 | _a51991 | ||
| 040 | _cCHAP | ||
| 090 | _aFolleto 9091 | ||
| 100 | 0 | 0 |
_aValderrama, Mario. _9117253 |
| 245 | 1 | 3 | _aEl trigo en Perú |
| 260 |
_aMéxico, D.F. : _bCIMMYT, _c198 ? |
||
| 300 | _a14 p. | ||
| 590 |
_aBATCH-UPD _b10 _c20130110 _lUCH01 _h0123 |
||
| 590 |
_aBATCH-UPD _b10 _c20130110 _lUCH01 _h2202 |
||
| 590 |
_aBATCH-UPD _b10 _c20130409 _lUCH01 _h2117 |
||
| 590 |
_aBATCH-UPD _b10 _c20130914 _lUCH01 _h2053 |
||
| 590 |
_aCONVERSION _b10 _c20130109 _lUCH01 _h1326 |
||
| 650 | 1 | 4 |
_aTrigo _xPerú. _9115075 |
| 901 | _aBK | ||
| 942 | _cFOLL | ||
| 949 |
_aFolleto 9091 _bBC _cFOLL _d-116070 _eTS1 _i51991 _mD _si |
||
| 949 |
_aFolleto 9091 _bBC _cFOLL _d-116071 _eTS2 _fc.2 _i51991 _mD _si |
||
| 949 |
_aFolleto 9091 _bBC _cFOLL _d-116073 _eTS2 _fc.3 _i51991 _mD _si |
||
| 999 |
_c46876 _d46876 |
||